Biblioteca

El problema del hombre : Introducción a la antropología filosófica / Joseph Gevaert ; Alfonso Ortiz, Traductor (Registro nro. 39948)

Detalles MARC
000 -LÍDER
Campo fijo de descripción fija 006840000a22002170004500
020 ## - NÚMERO INTERNACIONAL NORMALIZADO PARA LIBROS
Número Internacional Normalizado del libro 84-301-0423-2
041 0# - CÓDIGO DE IDIOMA
Código de idioma para texto/pista de sonido o título separado
082 04 - NÚMERO DE CLASIFICACIÓN DECIMAL DEWEY
Número de clasificación G 572.1 G396p
001 - NÚMERO DE CONTROL
Campo de control 10374
100 1# - ASIENTO PRINCIPAL--NOMBRE PERSONAL
Nombre personal Gevaert, Joseph
245 10 - TÍTULO
Título del Material El problema del hombre : Introducción a la antropología filosófica / Joseph Gevaert ; Alfonso Ortiz, Traductor
250 ## - MENCIÓN DE EDICIÓN
Mención de edición 7
260 ## - PUBLICACIÓN, DISTRIBUCIÓN, ETC. (PIE DE IMPRENTA)
Lugar de publicación, distribución, etc. Salamanca, España : Sígueme
300 ## - DESCRIPCIÓN FÍSICA
Extensión 360 Pag
336 ## - CONTENT TYPE
Content type term texto
Content type code txt
Source rdacontent
337 ## - MEDIA TYPE
Source rdamedia
Media type term sin mediación
Media type code n
338 ## - CARRIER TYPE
Source rdacarrier
Carrier type term volumen
Carrier type code nc
500 ## - NOTA GENERAL
Nota General Título original : Il problema dell'uomo. Introduzione all' antropologia filosofica
942 ## - TIPO DE MATERIAL (KOHA)
Tipo de Item KOHA Libros General
Existencias
Estado de Material Estado de Perdido Estado de Dañado No para Préstamo Colección Tomo Biblioteca de Origen Biblioteca Permanente Fecha de Adquisición Total de Préstamos Total de Renovaciones Signatura Topográfica Código de Barras Última vez visto Última vez Préstado Ejemplar/Existencia Fecha de Remplazo Tipo de Material
        Colección General   Biblioteca FUSBC Biblioteca FUSBC 24/01/2005 3 4 G 572.1 G396p 9755 21/05/2021 22/04/2021 1 26/01/2016 Libros General

Biblioteca FUSBC | Teléfono: (57+4) 349 88 10 Ext. 141| WhatsApp (+57) 3005338115 
E-mail: biblioteca@unisbc.edu.co | Calle 76 87-14 Robledo Palenque, Medellín, Colombia

Con tecnología Koha